Central Library OPAC University of Rajshahi

Dante's drama of the mind : (Record no. 21793)

MARC details
000 -LEADER
fixed length control field 00807cam a22002531 4500
001 - CONTROL NUMBER
control field 21793
003 - CONTROL NUMBER IDENTIFIER
rucl marc code BD-RjUL
005 - DATE AND TIME OF LATEST TRANSACTION
control field 20211209000729.0
008 - FIXED-LENGTH DATA ELEMENTS--GENERAL INFORMATION
fixed length control field 140305t1953 nju b 000 0 eng
035 ## - SYSTEM CONTROL NUMBER
System control number (BD-RjUL)21858
040 ## - CATALOGING SOURCE
Original cataloging agency DLC
Transcribing agency DLC
Modifying agency DLC
-- BD-RjUL
Language of cataloging eng
041 ## - LANGUAGE CODE
Language code of text/sound track or separate title eng
082 00 - DEWEY DECIMAL CLASSIFICATION NUMBER
Classification number 851.15
Author mark and year FED 1953
100 1# - MAIN ENTRY--PERSONAL NAME
Personal name Fergusson, Francis.
9 (RLIN) 67291
245 10 - TITLE STATEMENT
Title Dante's drama of the mind :
Remainder of title a modern reading of the Purgatorio /
Statement of responsibility, etc. by Francis Fergusson.
260 ## - PUBLICATION, DISTRIBUTION, ETC. (IMPRINT)
Place of publication, distribution, etc. Princeton :
Name of publisher, distributor, etc. Princeton University Press,
Date of publication, distribution, etc. c1953.
300 ## - PHYSICAL DESCRIPTION
Pagination x, 232 p. ;
Size 23 cm.
504 ## - BIBLIOGRAPHY, ETC. NOTE
Bibliography, etc Bibliographical references included in "Notes" (p. 217-232)
600 00 - SUBJECT ADDED ENTRY--PERSONAL NAME
Personal name Dante Alighieri,
Dates associated with a name 1265-1321.
650 #0 - SUBJECT ADDED ENTRY--TOPICAL TERM
Topical term or geographic name as entry element Purgatory in literature.
9 (RLIN) 67293
942 ## - ADDED ENTRY ELEMENTS (KOHA)
Source of classification or shelving scheme Dewey Decimal Classification
Koha item type Books
Holdings
Lost status Source of classification or shelving scheme Damaged status Not for loan Collection code Permanent Location Current Location Shelving location Date acquired Source of acquisition Cost, normal purchase price Total Checkouts Full call number Date last seen Copy number Koha item type
  Dewey Decimal Classification   Added to bundle Fiction Central Library, University of Rajshahi Central Library, University of Rajshahi Reading Room 24/03/1955 O.U.P. 18.40   851.15 FED 1953 05/03/2014 C-1 Books